000 00396nam a2200157Ia 4500
008 221030s9999 xx 000 0 und d
020 _a8173195625
041 _aEnglish
082 _a105.23
_bHei
100 _aJ. L. Hein
245 0 _aDiscrete Structures, Logic & Computability
_cby J. L. Hein
260 _bNarosa Pub.
_aNew Delhi
_c2004
300 _a943
650 _aComputers
942 _cBK
999 _c2206
_d2206